| 000 | 00364nam a2200157Ia 4500 | ||
|---|---|---|---|
| 008 | 230312s9999||||xx |||||||||||||| ||und|| | ||
| 020 | _a0-7506-5934-3 | ||
| 082 |
_a720.307 _bWAL-D |
||
| 100 | _aWalters;David | ||
| 245 | 0 | _aDesign First | |
| 260 |
_bElsevier _aUK _c2004 |
||
| 300 | _a277 | ||
| 546 | _aEng. | ||
| 650 |
_aArchitecture _vDesign First |
||
| 942 | _cBK | ||
| 999 |
_c9688 _d9688 |
||